[Event "Rostov on Don rapid GP Stage 28th"]
[Site "Rostov on Don"]
[Date "2021.10.30"]
[Round "11"]
[White "Chipiga, Maksim"]
[Black "Kornyukov, Alexey"]
[Result "0-1"]
[WhiteElo "2052"]
[BlackElo "2452"]
[PlyCount "116"]
[EventDate "2021.10.29"]
[EventType "swiss"]
[EventRounds "11"]
[EventCountry "RUS"]
[SourceTitle "CBM 204 Extra"]
[Source "ChessBase"]
[SourceDate "2021.11.30"]
[SourceVersion "1"]
[SourceVersionDate "2021.11.30"]
[SourceQuality "1"]

1. d4 d5 2. c4 e6 3. Nf3 c6 4. g3 Nf6 5. Bg2 Be7 6. 0-0 0-0 7. Nc3 b6 8. Ne5 a5 9. e4 Bb7 10. Re1 Na6 11. Qe2 dxe4 12. Rd1 Qc8 13. Nxe4 c5 14. Nxf6+ Bxf6 15. d5 exd5 16. cxd5 Re8 17. f4 Bxe5 18. fxe5 Qf5 19. Bf4 g6 20. Be4 Rxe5 21. Bxe5 Qxe5 22. Bf3 Qxe2 23. Bxe2 Nb4 24. Rd2 Rd8 25. d6 Be4 26. Bc4 Kg7 27. Re1 f5 28. a3 Nc6 29. Bd5 Nd4 30. Bxe4 fxe4 31. Kf2 Nf3 32. Red1 Nxd2 33. Rxd2 Kf6 34. Ke3 Ke6 35. Kxe4 Rxd6 36. Rf2 a4 37. Ke3 Kd5 38. Kd3 Kc6+ 39. Kc3 Re6 40. Rf7 h5 41. Kd3 Kb5 42. Rg7 Rf6 43. Rg8 Rf2 44. Kc3 Rxh2 45. Rxg6 Rh3 46. Kc2 Ka5 47. Rg5 Kb5 48. Rf5 Kc4 49. g4 Rh2+ 50. Kb1 hxg4 51. Ka2 Rd2 52. Rg5 Rd4 53. Rg6 b5 54. Rg5 b4 55. axb4 cxb4 56. Rg8 Kd3 57. Ra8 Ke3 58. Rf8 Rf4 0-1

[Event "Rostov on Don rapid GP Stage 28th"]
[Site "Rostov on Don"]
[Date "2021.10.29"]
[Round "3"]
[White "Chipiga, Maksim"]
[Black "Lavrov, Maxim"]
[Result "0-1"]
[WhiteElo "2052"]
[BlackElo "2398"]
[PlyCount "112"]
[EventDate "2021.10.29"]
[EventType "swiss"]
[EventRounds "11"]
[EventCountry "RUS"]
[SourceTitle "CBM 204 Extra"]
[Source "ChessBase"]
[SourceDate "2021.11.30"]
[SourceVersion "1"]
[SourceVersionDate "2021.11.30"]
[SourceQuality "1"]

1. d4 Nf6 2. Nf3 g6 3. c4 Bg7 4. Nc3 0-0 5. e4 d6 6. Be2 e5 7. 0-0 exd4 8. Nxd4 Re8 9. f3 c6 10. Kh1 Na6 11. Bg5 Qa5 12. Qd2 Nxe4 13. fxe4 Bxd4 14. Qxd4 Qxg5 15. Qxd6 Be6 16. Rad1 Rad8 17. Qa3 h5 18. Qb3 Nc5 19. Qc2 a5 20. Bf3 Bxc4 21. Be2 Be6 22. Na4 Nxa4 23. Qxa4 Qe5 24. b3 Rxd1 25. Rxd1 Bg4 26. Bf3 Bxf3 27. gxf3 Qf4 28. Kg2 Re5 29. Rd8+ Kh7 30. Qd4 Rg5+ 31. Kf2 Qxh2+ 32. Ke3 Qg1+ 33. Kf4 Qxd4 34. Rxd4 Rb5 35. Rd7 g5+ 36. Ke3 Kg6 37. Rd6+ f6 38. Rd8 h4 39. Kd4 a4 40. Kc4 axb3 41. axb3 f5 42. Rg8+ Kh6 43. Rh8+ Kg7 44. Rh5 fxe4 45. fxe4 Kf6 46. b4 Kg6 47. Rh8 Re5 48. Kd4 Re7 49. Ke3 Rh7 50. Rg8+ Kf6 51. Kf2 h3 52. Kg1 h2+ 53. Kh1 Ke5 54. Rxg5+ Kxe4 55. Rc5 Kd4 56. Rc1 Rh5 0-1

[Event "Dvorkovich Memorial op"]
[Site "Taganrog"]
[Date "2019.01.18"]
[Round "9"]
[White "Kuzmin, Roman"]
[Black "Chipiga, Maksim"]
[Result "1/2-1/2"]
[WhiteElo "2127"]
[BlackElo "1798"]
[PlyCount "80"]
[EventDate "2019.01.10"]
[EventType "swiss"]
[EventRounds "9"]
[EventCountry "RUS"]
[SourceTitle "CBM 188 Extra"]
[Source "ChessBase"]
[SourceDate "2019.02.26"]
[SourceVersion "1"]
[SourceVersionDate "2019.02.26"]
[SourceQuality "1"]

1. e4 c5 2. Nf3 d6 3. d4 cxd4 4. Nxd4 Nf6 5. Nc3 a6 6. Be2 e5 7. Nb3 Be7 8. 0-0 Be6 9. Bg5 Nbd7 10. Nd5 Bxd5 11. exd5 0-0 12. c4 Ne8 13. Be3 Nc5 14. Nxc5 dxc5 15. f4 e4 16. f5 b6 17. Qc2 Nd6 18. a3 a5 19. b3 Bg5 20. Qd2 Bxe3+ 21. Qxe3 Qf6 22. Rad1 Qe5 23. g4 f6 24. Qg3 Qxg3+ 25. hxg3 Nf7 26. Kf2 Rfe8 27. Ke3 Kf8 28. Rf4 Ng5 29. Re1 Ke7 30. Bf1 Kd6 31. Bg2 Re5 32. Rf2 Re7 33. Rfe2 Rc8 34. Kf4 h6 35. Re3 Re5 36. R3e2 Re7 37. Ke3 Re5 38. Kf4 Re7 39. Ke3 Re5 40. Kf4 Rce8 1/2-1/2

[Event "Dvorkovich Memorial op"]
[Site "Taganrog"]
[Date "2019.01.17"]
[Round "8"]
[White "Chipiga, Maksim"]
[Black "Solovyov, Konstantin"]
[Result "1-0"]
[WhiteElo "1798"]
[BlackElo "2069"]
[PlyCount "59"]
[EventDate "2019.01.10"]
[EventType "swiss"]
[EventRounds "9"]
[EventCountry "RUS"]
[SourceTitle "CBM 188 Extra"]
[Source "ChessBase"]
[SourceDate "2019.02.26"]
[SourceVersion "1"]
[SourceVersionDate "2019.02.26"]
[SourceQuality "1"]

1. d4 Nf6 2. Nf3 e6 3. g3 b6 4. Bg2 Bb7 5. 0-0 Be7 6. c4 0-0 7. Nc3 Ne4 8. Qd3 Nxc3 9. bxc3 f5 10. d5 Na6 11. Nd4 Nc5 12. Qc2 g6 13. Ba3 e5 14. Nb3 d6 15. Nxc5 dxc5 16. d6 c6 17. dxe7 Qxe7 18. Rad1 Qe6 19. Qb3 Rf6 20. Bxc5 Qf7 21. Bd6 Re8 22. c5 Ree6 23. a4 e4 24. Bf4 g5 25. Bxg5 Rg6 26. Bf4 bxc5 27. Rd8+ Kg7 28. Rfd1 Re7 29. Qxf7+ Kxf7 30. Bd6 1-0

[Event "Dvorkovich Memorial op"]
[Site "Taganrog"]
[Date "2019.01.12"]
[Round "3"]
[White "Ibadov, Dashgyn"]
[Black "Chipiga, Maksim"]
[Result "1-0"]
[WhiteElo "2285"]
[BlackElo "1798"]
[PlyCount "79"]
[EventDate "2019.01.10"]
[EventType "swiss"]
[EventRounds "9"]
[EventCountry "RUS"]
[SourceTitle "CBM 188 Extra"]
[Source "ChessBase"]
[SourceDate "2019.02.26"]
[SourceVersion "1"]
[SourceVersionDate "2019.02.26"]
[SourceQuality "1"]

1. e4 c5 2. Nf3 d6 3. d4 cxd4 4. Nxd4 Nf6 5. Nc3 a6 6. Bc4 e6 7. Be3 b5 8. Bb3 Be7 9. f3 Bd7 10. Qe2 Nc6 11. a3 Qc7 12. 0-0 0-0 13. Nxc6 Bxc6 14. Bd4 Rfd8 15. Rad1 Rac8 16. Rfe1 Nd7 17. Nd5 Bxd5 18. exd5 e5 19. Bf2 Nc5 20. Ba2 Bf6 21. c4 Qb7 22. b4 Na4 23. Rc1 bxc4 24. Bxc4 Ra8 25. Bb3 Nb6 26. Rc6 Nc8 27. Rec1 g6 28. Bc4 a5 29. Ba6 Qd7 30. Rc7 Qe8 31. Bb7 Rb8 32. bxa5 Ne7 33. a6 Qa4 34. a7 Ra8 35. Bxa8 Rxa8 36. Rb7 Kg7 37. Rcc7 Qxa3 38. Rb8 Nxd5 39. Rxa8 Nxc7 40. Rc8 1-0